000
00199 a2200097 4500
001
42228
100
_a
Dendel J
245
_a
Finger Weaving
260
_a
_b
Nelson & Sons
_c
090
_c
26204
_d
26204
942
_a
NUST-CAE
_c
M
_c
18008
999
_c
277301
_d
277301